[Event "Barcelona Rubi op-B 5th"]
[Site "Barcelona"]
[Date "2004.04.??"]
[Round "5"]
[White "Jeronimo Moyano, Francisco"]
[Black "Cuevas Bellon, Blas"]
[Result "0-1"]
[WhiteElo "1700"]
[BlackElo "1700"]
[PlyCount "58"]
[EventDate "2004.04.25"]
[EventType "swiss"]
[EventRounds "7"]
[EventCountry "ESP"]
[SourceTitle "EXT 2007"]
[Source "ChessBase"]
[SourceDate "2006.11.23"]
[SourceVersion "1"]
[SourceVersionDate "2006.11.23"]
[SourceQuality "1"]

1. e4 e5 2. Nf3 d6 3. c3 Nc6 4. d4 exd4 5. Nxd4 Bd7 6. Bc4 Ne5 7. Be2 Nf6 8. Bg5 Be7 9. Bxf6 Bxf6 10. Nd2 0-0 11. 0-0 Rc8 12. f4 Nc6 13. Bg4 Nxd4 14. Bxd7 Qxd7 15. cxd4 Bxd4+ 16. Kh1 Bxb2 17. Rb1 Bc3 18. Rf3 Bxd2 19. Qxd2 c5 20. Qc2 f5 21. e5 dxe5 22. Rd3 Qc7 23. fxe5 Qxe5 24. Qc4+ Kh8 25. Rh3 Qd4 26. Qe6 Rcd8 27. Rg1 Rfe8 28. Qg6 h6 29. g4 Qd5+ 0-1

[Event "Barcelona Rubi op-B 5th"]
[Site "Barcelona"]
[Date "2004.04.??"]
[Round "3"]
[White "Jeronimo Moyano, Francisco"]
[Black "Martinez Llobet, Joan"]
[Result "0-1"]
[WhiteElo "1700"]
[BlackElo "1945"]
[PlyCount "86"]
[EventDate "2004.04.25"]
[EventType "swiss"]
[EventRounds "7"]
[EventCountry "ESP"]
[SourceTitle "EXT 2007"]
[Source "ChessBase"]
[SourceDate "2006.11.23"]
[SourceVersion "1"]
[SourceVersionDate "2006.11.23"]
[SourceQuality "1"]

1. e4 e5 2. Nf3 Nf6 3. Nc3 Nc6 4. a3 Bc5 5. Bb5 d6 6. d4 exd4 7. Nxd4 Bd7 8. Nxc6 Bxc6 9. Bxc6+ bxc6 10. Bg5 h6 11. Bh4 Qe7 12. Qf3 0-0 13. 0-0 a6 14. Rae1 Qe6 15. Bxf6 Qxf6 16. Qxf6 gxf6 17. b4 Bb6 18. Na4 a5 19. Nxb6 cxb6 20. c3 axb4 21. axb4 Ra3 22. Re3 Re8 23. f4 d5 24. e5 Kh7 25. Rd1 fxe5 26. Rxe5 Rxe5 27. fxe5 Kg6 28. Rd3 Kf5 29. Re3 Kf4 30. Rh3 Kxe5 31. Kf2 f5 32. Re3+ Kf6 33. Rd3 f4 34. Ke2 Ra2+ 35. Kf3 Ke5 36. Rd4 Rc2 37. Rxf4 Rxc3+ 38. Kg4 Rc4 39. g3 d4 40. Kf3 Rxb4 41. Re4+ Kd5 42. Kf4 Rb2 43. h4 Rf2+ 0-1

[Event "Barcelona Rubi op-B 5th"]
[Site "Barcelona"]
[Date "2004.04.??"]
[Round "2"]
[White "Niubo Calvo, Juan"]
[Black "Jeronimo Moyano, Francisco"]
[Result "1-0"]
[WhiteElo "1830"]
[BlackElo "1700"]
[PlyCount "111"]
[EventDate "2004.04.25"]
[EventType "swiss"]
[EventRounds "7"]
[EventCountry "ESP"]
[SourceTitle "EXT 2007"]
[Source "ChessBase"]
[SourceDate "2006.11.23"]
[SourceVersion "1"]
[SourceVersionDate "2006.11.23"]
[SourceQuality "1"]

1. e4 e5 2. Nf3 Nc6 3. Nc3 Bc5 4. Nxe5 Nxe5 5. d4 Bb4 6. dxe5 Ne7 7. Bb5 a6 8. Bc4 b5 9. Bb3 0-0 10. Bg5 Bb7 11. Qg4 Qe8 12. 0-0 Ng6 13. Nd5 Bxd5 14. exd5 Qxe5 15. c3 Bd6 16. g3 Bc5 17. Rfe1 Qd6 18. Be3 Qb6 19. Bxc5 Qxc5 20. Qxd7 Rad8 21. Qc6 Qxc6 22. dxc6 Rd6 23. Kg2 Rxc6 24. Rad1 Rd6 25. Rxd6 cxd6 26. f4 a5 27. Bd5 b4 28. cxb4 axb4 29. Re3 h5 30. h4 Rc8 31. Bb3 Rc1 32. Rd3 Rb1 33. Rxd6 Rxb2+ 34. Kf3 Kh7 35. Bxf7 Ne7 36. Bb3 Nc8 37. Rc6 Ne7 38. Rb6 Rd2 39. Rxb4 Nd5 40. Bxd5 Rxd5 41. Ke4 Rd7 42. a4 Kg6 43. a5 Kf6 44. Ra4 Rd6 45. a6 Re6+ 46. Kf3 g5 47. hxg5+ Kg6 48. a7 Re8 49. a8Q Rxa8 50. Rxa8 Kf5 51. g4+ hxg4+ 52. Kg3 Kg6 53. Kxg4 Kg7 54. Ra6 Kf7 55. f5 Kg7 56. Ra7+ 1-0